| Tag |
First Indicator |
Second Indicator |
Subfields |
| LEADER |
00000nam a2200000 4500 |
| 001 |
in00004285621 |
| 005 |
20200813083604.0 |
| 006 |
m g d |
| 007 |
cr bn |||a|bb| |
| 008 |
860128s1655 enk o 00| | eng d |
| 035 |
|
|
|a (UnM)99872141
|
| 037 |
|
|
|a CL0051000002
|b ProQuest Information and Learning. 300 N. Zeeb Rd., Ann Arbor, MI 48106
|
| 040 |
|
|
|a Cu-RivES
|c Cu-RivES
|d CStRLIN
|e dcrb
|d WaOLN
|
| 100 |
1 |
|
|a Baillie, Robert,
|d 1599-1662.
|
| 245 |
1 |
4 |
|a The Dissvvasive from the errors of the time, :
|b vindicated from the exceptions of Mr. Cotton and Mr. Tombes. /
|c By Robert Baily minister at Glasgow.
|
| 246 |
2 |
|
|a Disswasive from the errors of the time
|
| 260 |
|
|
|a London, :
|b Printed by Evan Tyler for Samuel Gellibrand, at the Golden Ball in Pauls Church-yard,
|c 1655.
|
| 300 |
|
|
|a 1 online resource ([4], 32, 35-88 pages)
|
| 336 |
|
|
|a text
|b txt
|2 rdacontent
|
| 337 |
|
|
|a computer
|b c
|2 rdamedia
|
| 338 |
|
|
|a online resource
|b cr
|2 rdacarrier
|
| 500 |
|
|
|a A reply to "The way of Congregational churches cleared" by John Cotton and "An addition to the Apology for the two treatises concerning infant-baptisme, published December 15. 1645" by John Tombes.
|
| 500 |
|
|
|a Annotation on Thomason copy: "January. 4. 1654"; the 5 in imprint date has been crossed out.
|
| 500 |
|
|
|a Reproduction of the original in the British Library.
|
| 510 |
4 |
|
|a Wing (2nd edition, 1994)
|c B458.
|
| 510 |
4 |
|
|a Thomason
|c E.234[7].
|
| 533 |
|
|
|a Electronic reproduction.
|b Ann Arbor, Mich. :
|c UMI,
|d 1999-
|f (Early English books online)
|n Digital version of: (Thomason Tracts ; 40:E234[7])
|7 s1999 miun s
|
| 600 |
1 |
0 |
|a Cotton, John,
|d 1584-1652.
|t Way of Congregational churches cleared
|v Early works to 1800.
|
| 600 |
1 |
0 |
|a Tombes, John,
|d 1603?-1676.
|t Addition to the Apology for the two treatises concerning infant-baptisme, published December 15. 1645
|v Early works to 1800.
|
| 600 |
1 |
0 |
|a Baillie, Robert,
|d 1599-1662.
|t Dissuasive from the errours of the time
|v Early works to 1800.
|
| 650 |
|
0 |
|a Antinomianism
|v Early works to 1800.
|
| 830 |
|
0 |
|a Early English books online.
|
| 856 |
4 |
0 |
|u http://proxy.library.tamu.edu/login?url=https://search.proquest.com/docview/2240950378
|z Connect to the full text of this electronic book
|t 0
|
| 999 |
f |
f |
|s e027cee0-a91e-3cf9-89eb-09630f0838b9
|i 9c411885-e1f5-39a1-839c-59ba7e5e7fb2
|t 0
|
| 952 |
f |
f |
|a Texas A&M University
|b College Station
|c Electronic Resources
|d Available Online
|t 0
|h No information provided
|
| 998 |
f |
f |
|t 0
|l Available Online
|